<?xml version="1.0" encoding="UTF-8"?>
<record
    xmlns:xsi="http://www.w3.org/2001/XMLSchema-instance"
    xsi:schemaLocation="http://www.loc.gov/MARC21/slim http://www.loc.gov/standards/marcxml/schema/MARC21slim.xsd"
    xmlns="http://www.loc.gov/MARC21/slim">

  <leader>01316nam a2200253   4500</leader>
  <controlfield tag="001">113982</controlfield>
  <controlfield tag="003">DR-UNIBE</controlfield>
  <controlfield tag="005">20250730113250.0</controlfield>
  <controlfield tag="008">250730b2006    mx ||||| |||| 00| 0 spa d</controlfield>
  <datafield tag="020" ind1=" " ind2=" ">
    <subfield code="a">9707125799</subfield>
  </datafield>
  <datafield tag="040" ind1=" " ind2=" ">
    <subfield code="a">BIBLIOTECA UNIBE</subfield>
    <subfield code="b">spa</subfield>
    <subfield code="c">BIBLIOTECA UNIBE</subfield>
    <subfield code="e">rda</subfield>
  </datafield>
  <datafield tag="041" ind1=" " ind2=" ">
    <subfield code="a">spa</subfield>
  </datafield>
  <datafield tag="082" ind1=" " ind2=" ">
    <subfield code="2">22 </subfield>
    <subfield code="a">324.62 V811</subfield>
  </datafield>
  <datafield tag="245" ind1="1" ind2="3">
    <subfield code="a">La violaci&#xF3;n del voto p&#xFA;blico /</subfield>
  </datafield>
  <datafield tag="250" ind1=" " ind2=" ">
    <subfield code="a">Primera edici&#xF3;n </subfield>
  </datafield>
  <datafield tag="260" ind1=" " ind2=" ">
    <subfield code="a">M&#xE9;xico :</subfield>
    <subfield code="b">Corte Suprema de Justicia,  </subfield>
    <subfield code="c">2006</subfield>
  </datafield>
  <datafield tag="300" ind1=" " ind2=" ">
    <subfield code="a"> 125 p&#xE1;ginas :</subfield>
    <subfield code="c">17 x 12 cm</subfield>
  </datafield>
  <datafield tag="490" ind1=" " ind2=" ">
    <subfield code="a">Figuras procesales constitucionales ;</subfield>
    <subfield code="v">4</subfield>
  </datafield>
  <datafield tag="505" ind1=" " ind2=" ">
    <subfield code="a">Presentaci&#xF3;n |
I. Las prerrogativas y obligaciones de los ciudadanos |
II. El voto |
III. Antecedentes hist&#xF3;ricos del derecho al voto 1 |
IV. La violaci&#xF3;n del voto p&#xFA;blico |
V. Actuaci&#xF3;n de la Suprema Corte de Justicia de la Naci&#xF3;n ante la violaci&#xF3;n del voto p&#xFA;blico  en las elecciones municipales de Le&#xF3;n, Guanajuato, en 1046 |
VI. La defensa jurisdiccional del voto p&#xFA;blico |
VII. Posturas doctrinarias  desfavorables a la defensa no jurisdiccional del voto p&#xFA;blico |
VIII. Conclusiones |
Bibliograf&#xED;a |
Normativa



</subfield>
  </datafield>
  <datafield tag="650" ind1=" " ind2="7">
    <subfield code="2">lemb</subfield>
    <subfield code="a">Sufragio</subfield>
    <subfield code="z">M&#xE9;xico</subfield>
    <subfield code="9">198019</subfield>
  </datafield>
  <datafield tag="650" ind1=" " ind2="7">
    <subfield code="2">lemb</subfield>
    <subfield code="a">Voto p&#xFA;blico</subfield>
    <subfield code="z">Mexico</subfield>
    <subfield code="9">198020</subfield>
  </datafield>
  <datafield tag="700" ind1="1" ind2="0">
    <subfield code="a">Azuela G&#xFC;itr&#xF3;n, Mariano</subfield>
    <subfield code="9">198001</subfield>
    <subfield code="e">presentador</subfield>
  </datafield>
  <datafield tag="942" ind1=" " ind2=" ">
    <subfield code="2">ddc</subfield>
    <subfield code="c">BK</subfield>
  </datafield>
  <datafield tag="999" ind1=" " ind2=" ">
    <subfield code="c">113982</subfield>
    <subfield code="d">113982</subfield>
  </datafield>
  <datafield tag="952" ind1=" " ind2=" ">
    <subfield code="0">0</subfield>
    <subfield code="1">0</subfield>
    <subfield code="2">ddc</subfield>
    <subfield code="7">0</subfield>
    <subfield code="8">GEN</subfield>
    <subfield code="a">Principal</subfield>
    <subfield code="d">2025-07-30</subfield>
    <subfield code="l">0</subfield>
    <subfield code="o">324.62 V811</subfield>
    <subfield code="p">250924</subfield>
    <subfield code="r">2025-07-30 11:03:03</subfield>
    <subfield code="t">Ej. 1</subfield>
    <subfield code="w">2025-07-30</subfield>
    <subfield code="y">BK</subfield>
  </datafield>
</record>
